000 01330nam a2200421 a 4500
001 000108022
003 CHAP
005 20220329143953.0
008 131128s2006 ck |r| |||||||spa d
010 _a104484
011 _a105456
020 _a9789586484378
040 _cCHAP
082 0 4 _a657.45
_bG77 2006
100 1 _aGray, Rob
_9124786
245 1 0 _aContabilidad y auditoria ambiental /
_cRob Gray, Jan Bebbington, Samuel Alberto Mantilla.
250 _a2 ed.
260 _aBogota :
_bEcoe Ediciones,
_c2006.
300 _axix, 324 p.
490 1 _aCiencias administrativas
534 _pTít. original
_tAccounting for the environment
590 _aBATCH-UPD
_b05
_c20131128
_lUCH01
_h1040
590 _aE5995AHE
_b05
_c20131128
_lUCH01
_h1039
590 _aE5995AHE
_b05
_c20131128
_lUCH01
_h1057
590 _aE5995AHE
_b05
_c20131128
_lUCH01
_h1057
650 1 4 _aAuditoría ambiental.
_9124791
650 1 4 _aContabilidad.
_927421
650 1 4 _aContadores.
_9124790
650 1 4 _aMedio ambiente.
_974065
650 1 4 _aMedio ambiente
_xProtección.
_974106
650 1 4 _aPolítica ambiental.
_990422
700 1 _aBebbington, Jan
_9124787
700 1 _aMantilla Blanco, Samuel Alberto
_e, Traductor
_9124788
830 0 _aCiencias administrativas
_9124792
901 _aBK
942 _cLIBRO
942 _n0
999 _c104484
_d104484